| 000 | 00956nam a2200205Ii 4500 | ||
|---|---|---|---|
| 003 | JO-AjNU | ||
| 008 | 230605s9999||||xx |||||||||||||| ||und|| | ||
| 040 |
_aJO-AjNU _bara _erda _cJO-AjNU |
||
| 041 | _aara | ||
| 050 | 1 | 4 | _aBP135.6.J36 2003 |
| 100 | 3 |
_aجامعة الزرقاء الاهلية -مؤتمر؛ تحرير عبد الجبار سعيد, _eauthor _948494 |
|
| 245 | 0 | 0 | _aتدريس السنة النبوية وعلومها في الجامعات: بحوث المؤتمر الرابع لكلية الشريعة جامعة الزرقاء الاهلية 10-12 شوال 1422 هجري / 25-27 كانون اول 2001 م |
| 250 | _aط1 | ||
| 264 | 3 | 1 | _aالزرقاء: جامعة الزرقاء الاهلية، 2003 |
| 300 | _a610ص | ||
| 336 |
_atext _btxt _2rdacontent |
||
| 337 |
_aunmediated _bn _2rdamedia |
||
| 338 |
_avolume _bnc _2rdacarrier |
||
| 650 | 4 |
_aالاسلام - الحديث - التعليم العالي - مؤتمرات _948495 |
|
| 999 |
_aA21241 _c24809 _d24809 |
||